000
00290nam a22001217a 4500
020
_a
0672326876
082
_2
22
_a
005.7
100
_a
Meloni, Julie C.
245
_a
Plone content management essentials /
260
_a
USA,
_b
Sam,
_c
c2005.
300
_a
vii, 245 p. ;
_b
ill. ;
942
_2
ddc
_c
IT
999
_c
4243
_d
4243